00000000nam##2200000za#4500
0019.659391
003CaOODSP
00520200330135808
007ta
008150407|1997||||xxc|||||     f|0| 0 eng|d
020 |a0-662-63024-6
040 |aCaOODSP|beng
041 |aeng
041 |afre
043 |an-cn---
0861 |aJ73-6/1997
1101 |aCanada.|bNational Crime Prevention Council Canada.
24510|aIncarceration in Canada : |brapport final, janvier 1997
260 |aOttawa - Ontario : |bNational Crime Prevention Council Canada |c1997.
300 |aEnglish text, 8p. : |bgraphs, references, table ; |c28 cm.
500 |a"The purpose of this publication is to provide the public with an overview of incarceration in Canada and to encourage public dialogue. This document focuses on the growth and costs of the corrections system and the value in both human and economic terms considering effective alternatives to incarceration."--Page 1.
5203 |aThe purpose of this publication is to provide the public with an overview of incarceration in Canada and to encourage public dialogue. This document focuses on the growth and costs of the corrections system and the value in both human and economic terms considering effective alternatives to incarceration.--Page 1
546 |aBilingual
563 |aSoftcover
590 |a97-19|b1997-05-09
69007|aImprisonment|2gcpds
7760#|tL'incarcération au Canada |w(CaOODSP)9.642069
7760#|tIncarceration in Canada |w(CaOODSP)9.698073
792 |tL'incarcération au Canada : |efre|w(CaOODSP)9.659392